[Event "UZB-ch (Women)"]
[Site "Tashkent"]
[Date "2014.04.03"]
[Round "11"]
[White "Tokhirjonova, Gulruhbegim"]
[Black "Ibragimova, Iroda"]
[Result "1-0"]
[WhiteElo "2115"]
[BlackElo "1953"]
[PlyCount "106"]
[EventDate "2014.03.24"]
[EventType "tourn"]
[EventRounds "11"]
[EventCountry "UZB"]
[SourceTitle "CBM 159 Extra"]
[Source "ChessBase"]
[SourceDate "2014.04.24"]
[SourceVersion "1"]
[SourceVersionDate "2014.04.24"]
[SourceQuality "1"]

1. e4 e6 2. f4 d5 3. e5 c5 4. c3 d4 5. Bd3 Nc6 6. Nf3 Nge7 7. 0-0 Nd5 8. g3 Be7 9. Qe2 b6 10. Be4 Qd7 11. Na3 Bb7 12. Nc2 0-0 13. a3 h6 14. cxd4 cxd4 15. b4 a5 16. b5 Na7 17. Bd3 Bc5 18. a4 Nc8 19. Bb2 Nc3 20. Qe1 Ne7 21. h4 Ncd5 22. Kh2 Nb4 23. Nxb4 Bxb4 24. Qe2 Bc5 25. Bb1 Rfd8 26. Qd3 g6 27. h5 Kg7 28. Nh4 Qd5 29. Rg1 Nf5 30. hxg6 fxg6 31. Nxf5+ exf5 32. g4 Qe4 33. Qxe4 fxe4 34. f5 d3 35. Rf1 Bd4 36. f6+ Kh7 37. Bxd4 Rxd4 38. e6 Bd5 39. Ba2 Kg8 40. Bxd5 Rxd5 41. Rac1 Rd6 42. Rc6 Rd5 43. Rxb6 Re5 44. Rc6 e3 45. dxe3 Rxe3 46. b6 Re2+ 47. Kg3 Rc2 48. Rxc2 dxc2 49. Rc1 Rf8 50. f7+ Kg7 51. Rxc2 Kf6 52. Rc6 Ke7 53. b7 Rb8 1-0

[Event "UZB-ch (Women)"]
[Site "Tashkent"]
[Date "2011.05.28"]
[Round "8"]
[White "Ibragimova, Iroda"]
[Black "Tokhirjanova, Hulkar"]
[Result "1/2-1/2"]
[WhiteElo "1864"]
[BlackElo "2106"]
[PlyCount "104"]
[EventDate "2011.05.21"]
[EventType "tourn"]
[EventRounds "11"]
[EventCountry "UZB"]
[SourceTitle "CBM 142 Extra"]
[Source "ChessBase"]
[SourceDate "2011.06.27"]
[SourceVersion "1"]
[SourceVersionDate "2011.06.27"]
[SourceQuality "1"]

1. e4 c5 2. Nf3 Nc6 3. Bb5 d6 4. Bxc6+ bxc6 5. d3 Bg4 6. h3 Bxf3 7. Qxf3 e5 8. Nc3 Qb6 9. 0-0 g6 10. Qe2 Bg7 11. a4 Ne7 12. a5 Qc7 13. f4 exf4 14. Bxf4 0-0 15. e5 dxe5 16. Be3 Nf5 17. Bxc5 Ng3 18. Qf2 Nxf1 19. Bxf8 Rxf8 20. Qxf1 f5 21. Ra4 Rb8 22. b3 Qd6 23. Nd1 Rb4 24. Ra2 e4 25. Nf2 Qg3 26. dxe4 fxe4 27. Qe1 Bd4 28. Kf1 Rb5 29. c3 Qxc3 30. Qxc3 Bxc3 31. Nxe4 Bxa5 32. Rc2 Rxb3 33. Rxc6 Bb6 34. Nf6+ Kg7 35. Nd5 Bd4 36. Nf4 Be3 37. Nd5 Bd4 38. Nf4 Kh6 39. Ra6 Rb2 40. Nd3 Rd2 41. Ra3 Kg5 42. g3 Kf5 43. Nf4 Ke4 44. Ne2 Be3 45. Ke1 Rb2 46. Nc3+ Kf3 47. Nd1 Re2+ 48. Kf1 g5 49. g4 h6 50. Rb3 a5 51. Nc3 a4 52. Ra3 Rd2 1/2-1/2

[Event "UZB-ch (Women)"]
[Site "Tashkent"]
[Date "2011.05.25"]
[Round "5"]
[White "Ibragimova, Iroda"]
[Black "Nadirjanova, Nodira"]
[Result "1-0"]
[WhiteElo "1864"]
[BlackElo "2166"]
[PlyCount "76"]
[EventDate "2011.05.21"]
[EventType "tourn"]
[EventRounds "11"]
[EventCountry "UZB"]
[SourceTitle "CBM 142 Extra"]
[Source "ChessBase"]
[SourceDate "2011.06.27"]
[SourceVersion "1"]
[SourceVersionDate "2011.06.27"]
[SourceQuality "1"]

1. e4 c6 2. d4 d5 3. e5 Bf5 4. Nc3 e6 5. g4 Bg6 6. Nge2 h6 7. Nf4 Bh7 8. Be3 Nd7 9. Nh5 Bg6 10. Nf4 Bh7 11. Nh5 Bg6 12. Nf4 Bh7 13. Nh5 a6 14. Qe2 Ne7 15. 0-0-0 Qa5 16. Kb1 b5 17. Qe1 b4 18. Ne2 Qb6 19. f4 a5 20. Nc1 Nc8 21. Bd3 Bxd3 22. Nxd3 a4 23. f5 b3 24. Qf2 Qb5 25. fxe6 bxa2+ 26. Ka1 fxe6 27. Rhf1 Ncb6 28. Ndf4 0-0-0 29. Nxe6 Re8 30. Nef4 Nc4 31. Kxa2 Nxe3 32. Qxe3 Qc4+ 33. Kb1 g5 34. Ng6 Rg8 35. e6 Nb6 36. Nxf8 a3 37. Nd7 Na4 38. Nc5 Nb6 1-0

[Event "UZB-ch (Women)"]
[Site "Tashkent"]
[Date "2011.05.24"]
[Round "4"]
[White "Gevorgyan, Irina"]
[Black "Ibragimova, Iroda"]
[Result "1-0"]
[WhiteElo "2110"]
[BlackElo "1864"]
[PlyCount "99"]
[EventDate "2011.05.21"]
[EventType "tourn"]
[EventRounds "11"]
[EventCountry "UZB"]
[SourceTitle "CBM 142 Extra"]
[Source "ChessBase"]
[SourceDate "2011.06.27"]
[SourceVersion "1"]
[SourceVersionDate "2011.06.27"]
[SourceQuality "1"]

1. Nf3 e6 2. c4 b6 3. g3 Bb7 4. Bg2 f5 5. 0-0 Nf6 6. Nc3 g6 7. d3 Bg7 8. Re1 0-0 9. e4 fxe4 10. dxe4 Nc6 11. h3 a6 12. e5 Nh5 13. Bg5 Qe8 14. Nh2 Qc8 15. Ng4 Rf5 16. Bf6 Nxf6 17. exf6 Bf8 18. Qd2 Na5 19. Bxb7 Nxb7 20. Ne5 Nd6 21. Qd4 c5 22. Qh4 Rh5 23. Qg4 Nf7 24. Nxf7 Kxf7 25. Ne4 h6 26. Qf4 Rf5 27. Qd2 d5 28. cxd5 exd5 29. g4 Re5 30. f4 Rxe4 31. Qxd5+ Qe6 32. Qxe4 Qxe4 33. Rxe4 Kxf6 34. Rae1 Kf7 35. Re6 c4 36. R6e4 Rc8 37. R1e2 c3 38. bxc3 Rxc3 39. Kg2 a5 40. Rd4 Rc7 41. Red2 Kf6 42. Rd5 Rc4 43. f5 gxf5 44. Rxf5+ Kg7 45. Rd7+ Kg8 46. Rd8 Rc2+ 47. Kg3 Rxa2 48. Rdxf8+ Kg7 49. R8f7+ Kg8 50. Rb7 1-0

[Event "UZB-ch (Women)"]
[Site "Tashkent"]
[Date "2011.05.21"]
[Round "1"]
[White "Ibragimova, Iroda"]
[Black "Muminova, Nafisa"]
[Result "0-1"]
[WhiteElo "1864"]
[BlackElo "2346"]
[PlyCount "72"]
[EventDate "2011.05.21"]
[EventType "tourn"]
[EventRounds "11"]
[EventCountry "UZB"]
[SourceTitle "CBM 142 Extra"]
[Source "ChessBase"]
[SourceDate "2011.06.27"]
[SourceVersion "1"]
[SourceVersionDate "2011.06.27"]
[SourceQuality "1"]

1. e4 d5 2. exd5 Qxd5 3. Nc3 Qd6 4. Nf3 Nf6 5. d4 c6 6. Ne5 Nbd7 7. Nc4 Qc7 8. Qf3 Nb6 9. Bf4 Qd7 10. 0-0-0 Qg4 11. Qxg4 Bxg4 12. f3 Be6 13. Na5 Nfd5 14. Nxd5 Nxd5 15. Bd2 0-0-0 16. c4 Nf6 17. Be3 Kb8 18. Bf4+ Ka8 19. Be2 g6 20. Be5 Bh6+ 21. Kb1 Rd7 22. Nb3 b6 23. Bg3 Nh5 24. f4 Bf5+ 25. Ka1 Kb7 26. Bxh5 gxh5 27. Rhe1 e6 28. Nc1 Rg8 29. Ne2 h4 30. Bxh4 Rxg2 31. Bg3 Bg7 32. d5 cxd5 33. Nd4 Bg4 34. cxd5 Bxd1 35. dxe6 fxe6 36. Nxe6 Bxb2+ 0-1

[Event "UZB-ch U20 Girls"]
[Site "Tashkent"]
[Date "2010.09.15"]
[Round "11"]
[White "Ibragimova, Iroda"]
[Black "Danierova, Rayhon"]
[Result "1/2-1/2"]
[WhiteElo "2150"]
[BlackElo "1918"]
[PlyCount "134"]
[EventDate "2010.09.05"]
[EventType "tourn"]
[EventRounds "13"]
[EventCountry "UZB"]
[SourceTitle "CBM 138 Extra"]
[Source "ChessBase"]
[SourceDate "2010.10.29"]
[SourceVersion "1"]
[SourceVersionDate "2010.10.29"]
[SourceQuality "1"]

1. e4 e5 2. Nf3 d6 3. d4 Nd7 4. Bc4 c6 5. dxe5 dxe5 6. 0-0 Qc7 7. Ng5 Nh6 8. h3 b5 9. Be2 Ng8 10. a4 h6 11. Nf3 bxa4 12. Re1 Bc5 13. Rxa4 Ngf6 14. Nbd2 0-0 15. b3 Nb6 16. Ra1 Rd8 17. Bd3 a5 18. Bb2 Bd6 19. Qe2 Nh5 20. Qe3 Nf4 21. Bf1 Be6 22. Kh2 a4 23. g3 Ng6 24. Reb1 a3 25. Bc3 c5 26. h4 Ne7 27. Ra2 Nc6 28. Ne1 Nb4 29. Raa1 Nc8 30. Nc4 Bxc4 31. Bxc4 Ne7 32. Bd2 Rdb8 33. Bc1 a2 34. Rb2 Qa5 35. Qf3 Rf8 36. Qg4 Kh8 37. Qh5 Qc7 38. Nf3 Ng8 39. Ng5 g6 40. Qg4 hxg5 41. hxg5 Kg7 42. Qh4 Be7 43. Kg2 f6 44. f4 exf4 45. Bxf4 fxg5 46. Qh2 gxf4 47. Rh1 f3+ 48. Kf2 Nh6 49. Qxh6+ Kf6 50. Rh5 Bd6 51. Rf5+ Ke7 52. Qg7+ Kd8 53. Rxf8+ Bxf8 54. Qxf8+ Kd7 55. Qxa8 Qe5 56. Rxa2 Qd4+ 57. Kxf3 Qd1+ 58. Be2 Qh1+ 59. Ke3 Qg1+ 60. Kd2 Qd4+ 61. Bd3 Qf2+ 62. Kc1 Qe1+ 63. Kb2 Nxd3+ 64. cxd3 Qd2+ 65. Ka3 Qb4+ 66. Kb2 Qd2+ 67. Kb1 Qd1+ 1/2-1/2

[Event "UZB-ch U20 Girls"]
[Site "Tashkent"]
[Date "2010.09.10"]
[Round "6"]
[White "Sabirova, Jannet"]
[Black "Ibragimova, Iroda"]
[Result "0-1"]
[WhiteElo "1810"]
[BlackElo "2150"]
[PlyCount "120"]
[EventDate "2010.09.05"]
[EventType "tourn"]
[EventRounds "13"]
[EventCountry "UZB"]
[SourceTitle "CBM 138 Extra"]
[Source "ChessBase"]
[SourceDate "2010.10.29"]
[SourceVersion "1"]
[SourceVersionDate "2010.10.29"]
[SourceQuality "1"]

1. e4 e6 2. d4 d5 3. Nc3 Bb4 4. Bd2 Nc6 5. a3 Bxc3 6. Bxc3 Nf6 7. e5 Ne4 8. Qg4 0-0 9. f4 f5 10. Qf3 Bd7 11. Ne2 Rc8 12. Ng3 Qh4 13. Be2 g5 14. 0-0 Kh8 15. Rad1 Nxc3 16. Qxc3 g4 17. Nh1 Rg8 18. Qg3 Qe7 19. Qe3 Qf7 20. b4 Rg7 21. Qg3 Ne7 22. c4 dxc4 23. Bxc4 Bc6 24. Qh4 Bd5 25. Be2 Ng6 26. Qh6 Qe7 27. Ng3 Nh4 28. Rf2 Rg6 29. Qh5 Kg7 30. Bd3 Rh6 31. Qg5+ Qxg5 32. fxg5 Rg6 33. Nh5+ Kh8 34. Nf4 Rxg5 35. Nxd5 exd5 36. Rdf1 Rf8 37. e6 Kg7 38. e7 Re8 39. Bxf5 Rxe7 40. Bb1 g3 41. hxg3 Rxg3 42. Kh2 Rxa3 43. Rf4 Ng6 44. Rf5 c6 45. Rf6 Rb3 46. Rd6 Rxb4 47. Bxg6 hxg6 48. Rff6 Rxd4 49. Rxg6+ Kf7 50. Rh6 Rg4 51. Rh8 Rg8 52. Rh4 Ke8 53. Ra4 Rh7+ 54. Kg1 a6 55. Rf6 Rhg7 56. Rf2 Kd7 57. Rb4 Kc7 58. Rfb2 b5 59. Rf4 a5 60. Rc2 Rg6 0-1

[Event "UZB-ch U20 Girls"]
[Site "Tashkent"]
[Date "2010.09.07"]
[Round "3"]
[White "Ibragimova, Iroda"]
[Black "Kakhramonova, Mokhinur"]
[Result "0-1"]
[WhiteElo "2150"]
[BlackElo "1811"]
[PlyCount "132"]
[EventDate "2010.09.05"]
[EventType "tourn"]
[EventRounds "13"]
[EventCountry "UZB"]
[SourceTitle "CBM 138 Extra"]
[Source "ChessBase"]
[SourceDate "2010.10.29"]
[SourceVersion "1"]
[SourceVersionDate "2010.10.29"]
[SourceQuality "1"]

1. e4 e5 2. Nf3 Nc6 3. Bb5 a6 4. Bxc6 dxc6 5. 0-0 Bg4 6. h3 Bxf3 7. Qxf3 Nf6 8. d3 Be7 9. Be3 Qd7 10. Nd2 Qe6 11. Nc4 Nd7 12. Bd2 0-0-0 13. b4 g5 14. Qe3 Kb8 15. Kh2 h5 16. g3 f5 17. exf5 Qxf5 18. Bc3 Bd6 19. Kg2 Rde8 20. Nd2 Nf6 21. Qf3 Qg6 22. Ne4 Nd5 23. Qd1 h4 24. g4 Nxc3 25. Nxc3 Bxb4 26. Ne4 Bd6 27. Rb1 c5 28. Qf3 b6 29. Qe3 Rhg8 30. Rb3 Kc8 31. Qf3 Rgf8 32. Nxd6+ Qxd6 33. Qa8+ Kd7 34. Qxa6 Qc6+ 35. Kh2 Ra8 36. Qc4 Rxa2 37. Rxb6 Rxc2 38. Rxc6 Rxc4 39. Rxc7+ Kxc7 40. dxc4 Rf4 41. Re1 Kd6 42. Rd1+ Ke6 43. Kg2 Rxc4 44. Rd8 Rc1 45. Re8+ Kf6 46. Rf8+ Ke6 47. Rg8 c4 48. Rxg5 c3 49. Rg8 e4 50. Rc8 Ke5 51. Rc7 Rc2 52. Kf1 Rc1+ 53. Ke2 c2 54. Kd2 Rf1 55. Rxc2 Rxf2+ 56. Kd1 Rf3 57. Rh2 Kf4 58. Ke1 Kg3 59. Re2 Kxh3 60. Rxe4 Kg3 61. Re8 h3 62. Rh8 Kg2 63. Ke2 Rf4 64. g5 h2 65. Ke3 Rf3+ 66. Ke2 Rh3 0-1

[Event "Wch U18 Girls"]
[Site "Kemer"]
[Date "2009.11.16"]
[Round "5"]
[White "Ibragimova, Iroda"]
[Black "Haug, Marianne Wold"]
[Result "1/2-1/2"]
[WhiteElo "1917"]
[BlackElo "2005"]
[PlyCount "59"]
[EventDate "2009.11.12"]
[EventType "swiss"]
[EventRounds "11"]
[EventCountry "TUR"]
[SourceTitle "EXT 2010"]
[Source "ChessBase"]
[SourceDate "2010.11.25"]
[SourceVersion "1"]
[SourceVersionDate "2010.11.25"]
[SourceQuality "1"]

1. e4 c5 2. Nf3 g6 3. d4 cxd4 4. Qxd4 Nf6 5. e5 Nc6 6. Qf4 Nd5 7. Qe4 Nb6 8. Bf4 d5 9. exd6 Bf5 10. Qe2 Nd5 11. Be5 f6 12. Bg3 e6 13. Qd2 Qa5 14. Qxa5 Nxa5 15. Bb5+ Kf7 16. Nd4 Rd8 17. c4 a6 18. cxd5 axb5 19. dxe6+ Bxe6 20. Nxb5 Nc4 21. N1c3 Bxd6 22. Nxd6+ Nxd6 23. 0-0 Nc4 24. b3 Rd3 25. Ne4 Ne5 26. Bxe5 fxe5 27. Ng5+ Ke7 28. Nxe6 Kxe6 29. Rfe1 Rf8 30. Re2 1/2-1/2

[Event "Wch U18 Girls"]
[Site "Kemer"]
[Date "2009.11.15"]
[Round "4"]
[White "Hadziselimovic, Maja"]
[Black "Ibragimova, Iroda"]
[Result "0-1"]
[WhiteElo "1681"]
[BlackElo "1917"]
[PlyCount "92"]
[EventDate "2009.11.12"]
[EventType "swiss"]
[EventRounds "11"]
[EventCountry "TUR"]
[SourceTitle "EXT 2010"]
[Source "ChessBase"]
[SourceDate "2010.11.25"]
[SourceVersion "1"]
[SourceVersionDate "2010.11.25"]
[SourceQuality "1"]

1. e4 e6 2. d4 d5 3. e5 c5 4. Nf3 Qb6 5. Nc3 Nc6 6. Bb5 Bd7 7. Bxc6 bxc6 8. 0-0 cxd4 9. Nxd4 c5 10. Nb3 Ne7 11. Re1 Nf5 12. a4 a5 13. Nd2 Be7 14. b3 0-0 15. Nf3 Rac8 16. Ba3 Rc7 17. Rb1 Rb8 18. Qd2 Be8 19. Qf4 Qa7 20. g4 Nd4 21. Nxd4 cxd4 22. Bxe7 Rxe7 23. Ne2 Rb4 24. Qg3 Rc7 25. c3 dxc3 26. Nxc3 Qd4 27. Na2 Rb8 28. Red1 Qe4 29. Nc3 Qc2 30. Rdc1 Qd2 31. Qe3 Qxe3 32. fxe3 Rcb7 33. Kf2 Kf8 34. Kf3 Rxb3 35. Rxb3 Rxb3 36. h4 Ke7 37. g5 Rb4 38. Kg3 Rc4 39. h5 Bxa4 40. Kf3 Bb3 41. Ke2 a4 42. Kd3 Rh4 43. Nb5 Bc4+ 44. Rxc4 Rxc4 45. Nd6 a3 46. Nxc4 dxc4+ 0-1

[Event "Wch U18 Girls"]
[Site "Kemer"]
[Date "2009.11.12"]
[Round "1"]
[White "Ibragimova, Iroda"]
[Black "Pon, Namasivayam Krithik"]
[Result "0-1"]
[WhiteElo "1917"]
[BlackElo "2196"]
[PlyCount "82"]
[EventDate "2009.11.12"]
[EventType "swiss"]
[EventRounds "11"]
[EventCountry "TUR"]
[SourceTitle "EXT 2010"]
[Source "ChessBase"]
[SourceDate "2010.11.25"]
[SourceVersion "1"]
[SourceVersionDate "2010.11.25"]
[SourceQuality "1"]

1. e4 Nf6 2. Nc3 d5 3. e5 d4 4. exf6 dxc3 5. fxe7 cxd2+ 6. Bxd2 Bxe7 7. Bd3 Be6 8. Bc3 Bf6 9. Bb5+ Nd7 10. Bxd7+ Bxd7 11. Qe2+ Be6 12. Qf3 Bxc3+ 13. Qxc3 Qd5 14. Ne2 0-0-0 15. 0-0 Qd2 16. Qf3 h5 17. Nc3 Qxc2 18. Qe3 Kb8 19. Nb5 Qa4 20. Qe5 Qa5 21. b4 Qb6 22. Rac1 f6 23. Qxc7+ Qxc7 24. Nxc7 Bxa2 25. Rfe1 Rd7 26. Nb5 a6 27. Nc3 Bf7 28. Na4 Rhd8 29. Nc5 Rd4 30. Rb1 Bc4 31. h3 b6 32. Ne6 Bxe6 33. Rxe6 Rd1+ 34. Rxd1 Rxd1+ 35. Kh2 Kc7 36. Re7+ Rd7 37. Re6 Rd4 38. Re7+ Kc6 39. Rxg7 Rxb4 40. g4 hxg4 41. h4 f5 0-1

[Event "UZB-ch U20 Girls"]
[Site "Tashkent"]
[Date "2009.09.13"]
[Round "9"]
[White "Baymuratova, Sevara"]
[Black "Ibragimova, Iroda"]
[Result "1-0"]
[WhiteElo "2040"]
[BlackElo "1917"]
[PlyCount "103"]
[EventDate "2009.09.05"]
[EventType "tourn"]
[EventRounds "13"]
[EventCountry "UZB"]
[SourceTitle "EXT 2015"]
[Source "ChessBase"]
[SourceDate "2014.11.20"]
[SourceVersion "1"]
[SourceVersionDate "2014.11.20"]
[SourceQuality "1"]

1. d4 d5 2. Nf3 Bg4 3. Ne5 Bh5 4. g4 Bg6 5. h4 f6 6. Nxg6 hxg6 7. Qd3 g5 8. Bg2 Qd7 9. Qg6+ Kd8 10. Qf7 Nh6 11. Qxd5 Nc6 12. Qxd7+ Kxd7 13. Bxc6+ Kxc6 14. hxg5 fxg5 15. Bxg5 Rg8 16. Bxh6 gxh6 17. f3 Bg7 18. c3 Rgf8 19. Nd2 Rad8 20. e3 b6 21. Ke2 Rd6 22. Ne4 Rg6 23. Rh5 e6 24. Rah1 Rg8 25. Nf2 Kd7 26. Nd3 Rh8 27. Ne5+ Bxe5 28. Rxe5 Kd6 29. Reh5 Ke7 30. R1h2 Kf6 31. e4 c6 32. Ke3 a6 33. g5+ Rxg5 34. Rxh6+ Rxh6 35. Rxh6+ Ke7 36. Rh7+ Kd8 37. Rb7 Rb5 38. b4 Kc8 39. Ra7 a5 40. bxa5 bxa5 41. a4 Rh5 42. e5 Rh2 43. Rxa5 Rc2 44. Kd3 Ra2 45. Ra8+ Kb7 46. Re8 Rxa4 47. Rxe6 Ra1 48. f4 Rf1 49. Rf6 Kc7 50. f5 Rf3+ 51. Kc4 Kd7 52. Rd6+ 1-0

[Event "UZB-ch U20 Girls"]
[Site "Tashkent"]
[Date "2009.09.06"]
[Round "2"]
[White "Ibragimova, Iroda"]
[Black "Kakhramonova, Mokhinur"]
[Result "1-0"]
[WhiteElo "1917"]
[BlackElo "1840"]
[PlyCount "107"]
[EventDate "2009.09.05"]
[EventType "tourn"]
[EventRounds "13"]
[EventCountry "UZB"]
[SourceTitle "EXT 2015"]
[Source "ChessBase"]
[SourceDate "2014.11.20"]
[SourceVersion "1"]
[SourceVersionDate "2014.11.20"]
[SourceQuality "1"]

1. e4 e5 2. Nf3 Nc6 3. Bb5 a6 4. Bxc6 dxc6 5. 0-0 Bd6 6. d4 Bg4 7. dxe5 Bxf3 8. Qxf3 Bxe5 9. Rd1 Qf6 10. Qb3 Ne7 11. f4 Bd4+ 12. Kh1 Bb6 13. Qg3 0-0 14. f5 Rad8 15. Rf1 Nxf5 16. exf5 Qxf5 17. Bf4 Qxc2 18. Nc3 Rd3 19. Qh4 f5 20. Be5 Rd7 21. Rad1 Rdf7 22. Rd8 Bc5 23. Rfd1 f4 24. Bxf4 Qf5 25. Qg5 Qxf4 26. Qxc5 b6 27. Qg1 Qb4 28. Rxf8+ Rxf8 29. Qe3 Qg4 30. h3 Qc4 31. Rd4 Qf1+ 32. Kh2 Qf7 33. Re4 Qd7 34. Re6 c5 35. Qe5 Qf7 36. Ne2 Qf5 37. Qe3 Qc2 38. Re8 Qf5 39. Re7 Qf6 40. b3 Qd6+ 41. Ng3 a5 42. Re6 Qd5 43. Re5 Qd6 44. Qe4 Qd4 45. Qe2 Qd6 46. Qh5 Qd2 47. Re7 Qd6 48. Qg5 Rf7 49. Re5 h6 50. Qe3 Qd4 51. Re8+ Kh7 52. Qe6 Qf4 53. Qc8 Kg6 54. Rh8 1-0

[Event "UZB-ch U20 Girls"]
[Site "Tashkent"]
[Date "2007.09.16"]
[Round "4"]
[White "Turdialieva, Tahmina"]
[Black "Ibragimova, Iroda"]
[Result "0-1"]
[WhiteElo "1931"]
[BlackElo "1949"]
[PlyCount "60"]
[EventDate "2007.09.13"]
[EventType "tourn"]
[EventRounds "9"]
[EventCountry "UZB"]
[SourceTitle "EXT 2015"]
[Source "ChessBase"]
[SourceDate "2014.11.20"]
[SourceVersion "1"]
[SourceVersionDate "2014.11.20"]
[SourceQuality "1"]

1. e4 e6 2. d4 d5 3. Nc3 Bb4 4. a3 Bxc3+ 5. bxc3 Ne7 6. Qg4 0-0 7. e5 c5 8. Bd3 Nbc6 9. Nf3 Ng6 10. h4 f5 11. Qg3 Re8 12. h5 Nf8 13. Bg5 Qc7 14. Kd2 Na5 15. Qh3 cxd4 16. cxd4 Bd7 17. g4 Nc4+ 18. Ke2 Nb2 19. gxf5 Nxd3 20. Kxd3 Rac8 21. Rac1 Qc3+ 22. Ke2 exf5 23. Bd2 Qxa3 24. c3 Ne6 25. Qg3 Bb5+ 26. Ke1 Qa2 27. Rg1 Qc4 28. Kd1 Qe2+ 29. Kc2 Qxf3 30. Qxf3 Nxd4+ 0-1

[Event "UZB-ch U20 Girls"]
[Site "Tashkent"]
[Date "2007.09.13"]
[Round "1"]
[White "Chorshanbieva, Umida"]
[Black "Ibragimova, Iroda"]
[Result "1/2-1/2"]
[WhiteElo "2065"]
[BlackElo "1949"]
[PlyCount "88"]
[EventDate "2007.09.13"]
[EventType "tourn"]
[EventRounds "9"]
[EventCountry "UZB"]
[SourceTitle "EXT 2015"]
[Source "ChessBase"]
[SourceDate "2014.11.20"]
[SourceVersion "1"]
[SourceVersionDate "2014.11.20"]
[SourceQuality "1"]

1. Nf3 f5 2. c4 Nf6 3. Nc3 e6 4. d4 Bb4 5. e3 0-0 6. Bd2 d5 7. Bd3 c6 8. Qc2 Bd6 9. 0-0-0 Ne4 10. Rdf1 Nd7 11. Ne1 Ndf6 12. f3 Nxd2 13. Qxd2 dxc4 14. Bxc4 c5 15. Nc2 Bd7 16. Rd1 Rc8 17. Kb1 cxd4 18. Qxd4 Bc5 19. Qe5 Qb6 20. Rxd7 Nxd7 21. Bxe6+ Kh8 22. Bxd7 Bd6 23. Qb5 Qxb5 24. Nxb5 Rcd8 25. Be6 Bxh2 26. Nbd4 Be5 27. Bxf5 Bxd4 28. Nxd4 Rxd4 29. Bxh7 Rd6 30. Be4+ Kg8 31. Bxb7 Rb8 32. Be4 Rd2 33. Bc2 Rb6 34. g4 Re2 35. Bb3+ Kf8 36. Rh8+ Ke7 37. Rg8 Rh6 38. Rxg7+ Kf6 39. Rf7+ Ke5 40. Rf5+ Kd6 41. Rd5+ Ke7 42. e4 Rhh2 43. g5 Rxb2+ 44. Kc1 Rbf2 1/2-1/2

[Event "Asia-ch U16 Girls"]
[Site "Tashkent"]
[Date "2007.07.02"]
[Round "5"]
[White "Ibragimova, Iroda"]
[Black "Dave, Dhyani"]
[Result "0-1"]
[WhiteElo "1949"]
[BlackElo "1985"]
[PlyCount "94"]
[EventDate "2007.06.28"]
[EventType "swiss"]
[EventRounds "9"]
[EventCountry "UZB"]
[SourceTitle "CBM 119 Extra"]
[Source "ChessBase"]
[SourceDate "2007.09.04"]
[SourceVersion "1"]
[SourceVersionDate "2007.09.04"]
[SourceQuality "1"]

1. e4 d6 2. d4 Nf6 3. Nc3 c6 4. f4 Qa5 5. Nf3 Nxe4 6. Bd2 Nxd2 7. Qxd2 Nd7 8. Bd3 e6 9. 0-0-0 Be7 10. Kb1 0-0 11. g4 b5 12. Nd5 Qd8 13. Nxe7+ Qxe7 14. Qg2 Nf6 15. Rde1 Qb7 16. Qh3 g6 17. f5 exf5 18. gxf5 c5 19. Qh4 c4 20. Be2 Kg7 21. fxg6 fxg6 22. Ng5 Bf5 23. Bf3 d5 24. Nxh7 Qd7 25. Re5 Rae8 26. Nxf6 Rxf6 27. Rxd5 Rd6 28. Rxd6 Qxd6 29. Kc1 Rh8 30. Qg3 Qxd4 31. Rd1 Qe3+ 32. Kb1 Rf8 33. Bc6 Qc5 34. Qc3+ Kh7 35. Bd7 Rd8 36. Rd4 Rxd7 37. Rh4+ Kg8 38. Qh8+ Kf7 39. Rh7+ Ke6 40. Qg8+ Kd6 41. Rxd7+ Kxd7 42. Qg7+ Kc6 43. a3 Qg1+ 44. Ka2 Bxc2 45. Qf6+ Kb7 46. Qe7+ Ka6 47. Qe6+ Ka5 0-1